Accounting dictionary / (Record no. 104866)

MARC details
000 -LEADER
fixed length control field 00505nam a22001817a 4500
005 - DATE AND TIME OF LATEST TRANSACTION
control field 20161130122705.0
010 ## - LCCN (DPL NO)
LC control number ENG-116713
020 ## - INTERNATIONAL STANDARD BOOK NUMBER
International Standard Book Number 9788184845068
Terms of availability 1250.00
035 ## - SYSTEM CONTROL NUMBER
System control number EN-100245
037 ## - SOURCE OF ACQUISITION
Source of stock number/acquisition DBAD/PUB
082 ## - DEWEY DECIMAL CLASSIFICATION NUMBER
Classification number 657.03
100 ## - MAIN ENTRY--PERSONAL NAME
Personal name Vasan,M
245 ## - TITLE STATEMENT
Title Accounting dictionary /
Statement of responsibility, etc by M. Vasan
260 ## - PUBLICATION, DISTRIBUTION, ETC. (IMPRINT)
Place of publication, distribution, etc New Delhi
Name of publisher, distributor, etc Regal Publications
Date of publication, distribution, etc 2016
270 ## - ADDRESS
Address F-159, Rajouri Garden
City New Delhi
Postal code 110027
300 ## - PHYSICAL DESCRIPTION
Extent vi,312p.
Dimensions 23cm(Hb)
942 ## - ADDED ENTRY ELEMENTS (KOHA)
Source of classification or shelving scheme Dewey Decimal Classification
Item type English Books
Classification part 657.03
Call number suffix VAS
Holdings
Withdrawn status Lost status Not for loan Collection code Home library Current library Date acquired Source of acquisition Cost, normal purchase price Full call number Barcode Copy number Cost, replacement price Koha item type
    Not For Loan Non-fiction D.B.Act.Division Bawana 30/11/2016 DBAD/PUB 1250.00 657.03 VAS EN-100245 1 1250.00 English Books

© Delhi Public Library
Hit Counter
free hit counter